00472 2200193 4500001002100000005001500021008004100036020002200077035001900099041000700118082001000125090001600135100001300151245002100164260002800185300003300213500001000246650002200256INLIS00000000000213720241224112500241224||||||||| | ||| |||| || |  a978-979-054-282-2 0010-1224002137 aid0 a611.7 a611.7 AMI m0 aAminudin00aPentingnya Tidur aBogorbYudhistirac2010 aiv, 70 hlm. : ilus, ; 23 cm. aCet.1 0aIlmu Keterampilan